00398nam a2200145Ia 4500008004100000040001900041041001200060082002200072100001900094245005800113260002500171300002400196650001800220850001400238131103s9999 xx 000 0 und d aLoreto College aEnglish aREF/WbLCBED/3987 aAnderson, Ella aPictorial History of the ancient worldcElla Anderson aLondonbOdhamsc1965 a63p.b pic.c 26cm. aWorld History aLCBED/REF